Sports Quiz

Random Sports Quiz

Widnes Vikings Super League Players Quiz Stats

 Plays Quiz not verified by Sporcle

Challenge
Share
Tweet
Embed
Score 0/134 Timer 15:00
0 Plays Today
Hint Answer % Correct
Kevin Brown
90.6%
Joe Mellor
78.1%
Rhys Hanbury
71.9%
Stefan Marsh
68.8%
Chris Bridge
65.6%
Mark Smith
65.6%
Lloyd White
65.6%
Chris Houston
65.6%
Corey Thompson
65.6%
Patrick Ah Van
64.5%
Patrick Ah Van
62.5%
Willie Isa
62.5%
Hep Cahill
62.5%
Anthony Farrell
59.4%
Stephen Myler
59.4%
Eamon O'Carroll
59.4%
Chris Dean
59.4%
Charly Runciman
59.4%
Connor Farrell
59.4%
Phil Cantillon
56.3%
Paddy Flynn
56.3%
Gil Dudson
56.3%
Stuart Spruce
53.1%
Terry O'Connor
53.1%
Mick Cassidy
53.1%
Danny Craven
53.1%
MacGraff Leuluai
53.1%
Aaron Heremaia
53.1%
Adam Hughes
50%
Chris Percival
50%
Robert Relf
50%
Daniel Frame
50%
David Mills
50%
Bruce Johnson
50%
Misili Manu
50%
Brad Watts
50%
Anthony Watts
50%
Jon Clarke
50%
Tom Gilmore
50%
Jack Owens
50%
Paul Johnson
50%
Jason Demetriou
46.9%
Troy Stone
46.9%
Shane Millard
46.9%
Steve McCurrie
46.9%
Hint Answer % Correct
James Chapelhow
46.9%
Steve Carter
45.2%
Damian Munro
43.8%
Craig Weston
43.8%
Barry Eaton
43.8%
John Robinson
43.8%
Julian F O'Neill
43.8%
Jules O'Neill
43.8%
Gareth Haggerty
43.8%
Ryan Sheridan
43.8%
Dean Lawford
43.8%
Gary Connolly
43.8%
Ben Cross
43.8%
Kurt Haggerty
43.8%
Matt Whitley
43.8%
Paul Atcheson
40.6%
Sean Richardson
40.6%
Dan Potter
40.6%
Stephen Rowlands
40.6%
Willie Peters
40.6%
Kieran Kerr
40.6%
Owen Craigie
40.6%
Gary Hulse
40.6%
Frank Winterstein
40.6%
Dave Allen
40.6%
Alex Gerrard
40.6%
Ed Chamberlain
40.6%
Blake Cannova
37.5%
Chris Giles
37.5%
Ryan MacDonald
37.5%
Andy Hay
37.5%
Matt Whitaker
37.5%
Andrew Emelio
37.5%
Ben Kavanagh
37.5%
Jack Buchanan
37.5%
Mike Briggs
34.4%
Marvin Golden
34.4%
Steve Hall
34.4%
Aaron Moule
34.4%
Sala Fa'alogo
34.4%
Scott Moore
34.4%
Gareth Hock
34.4%
Danny Tickle
34.4%
Troy Wozniak
31.3%
Deon Bird
31.3%
Hint Answer % Correct
Justin Murphy
31.3%
Shaun Briscoe
31.3%
Sione Kite
31.3%
Cameron Phelps
31.3%
Grant Gore
31.3%
Phil Joseph
31.3%
Paul Devlin
28.1%
Karl Long
28.1%
Ben Davies
28.1%
Jordan Johnstone
28.1%
Setaimata Sa
28.1%
Michael Gill
25%
Steve Pickersgill
25%
Declan Hulme
25%
Paul Alcock
21.9%
Aled James
21.9%
Andy Hobson
21.9%
Adam Lawton
21.9%
Danny Galea
21.9%
Simon Finnigan
18.8%
Tim Holmes
18.8%
Chris Clarkson
18.8%
Manase Manuokafoa
18.8%
Sam Brooks
18.8%
Gary Middlehurst
15.6%
Jon Whittle
15.6%
Rhodri Lloyd
15.6%
Nick Royle
12.5%
Stephen Nash
12.5%
Paul Ballard
12.5%
Gareth O'Brien
12.5%
Anthony Mullally
12.5%
Liam Carberry
12.5%
Phil Wood
9.4%
Paul McShane
9.4%
Paul Clough
9.4%
Tommy Gallagher
6.3%
John Stankevitch
6.3%
Gray Viane
6.3%
Darren Woods
6.3%
Adam Bibey
3.1%
Paul Crook
3.1%
Richie Barnett
3.1%
Jamie Durbin
0%

You're not logged in!

Compare scores with friends on all Sporcle quizzes.
OR
Log In

You Might Also Like...

Show Comments

Extras

Created May 29, 2016ReportNominate
Tags:league, player, Super League, viking, wide

Top Quizzes Today


Score Distribution

Your Account Isn't Verified!

In order to create a playlist on Sporcle, you need to verify the email address you used during registration. Go to your Sporcle Settings to finish the process.

Report this User

Report this user for behavior that violates our Community Guidelines.

Details: